Kratkij francuzsko-russkij i russko francuzskij slovar /

Na minha lista:
Detalhes bibliográficos
Main Authors: Vygodskaja, Klavdija Semenovna (Author), Dolgopolova, Oľga Ľvovna (Author)
Formato: Livro
Publicado em: Moskva : Russkij jazyk, 1983
Edição:13-oje stereotip.izd.
Tags: Adicionar Tag
Sem tags, seja o primeiro a adicionar uma tag!

MARC

LEADER 00000nam a22000003a 4500
001 stu20195
005 20150617225752.3
008 ------s1983----xxr---------------------d
040 |a STU  |b slo 
041 0
044 |a xxr 
080 |a 801.323=82=40 
080 |a 801.323=40=82 
100 1 |a Vygodskaja, Klavdija Semenovna  |4 aut 
245 1 |a Kratkij francuzsko-russkij i russko francuzskij slovar /  |c [aut.]Vygodskaja,Klavdija Semenovna, Dolgopolova,Oľga Ľvovna 
250 |a 13-oje stereotip.izd. 
260 |a Moskva :  |b Russkij jazyk,  |c 1983 
300 |a 678 s 
700 1 |a Dolgopolova, Oľga Ľvovna  |4 aut 
996 |b C79647  |c C*79647  |l CCXXIVB  |s P  |a 0  |w stu20195_0001